Welcome to CU Library Online Public Access Catalogue (OPAC)

Management; (Record no. 5061)

MARC details
000 -LEADER
fixed length control field 00437nam a22001697a 4500
005 - DATE AND TIME OF LATEST TRANSACTION
control field 20250321175535.0
008 - FIXED-LENGTH DATA ELEMENTS--GENERAL INFORMATION
fixed length control field 250321b |||||||| |||| 00| 0 eng d
020 ## - INTERNATIONAL STANDARD BOOK NUMBER
International Standard Book Number 9780071220958
050 ## - LIBRARY OF CONGRESS CALL NUMBER
Classification number HD31
Item number .K474 KIN
100 ## - MAIN ENTRY--PERSONAL NAME
Personal name Kinicki, Angelo
245 ## - TITLE STATEMENT
Title Management;
Remainder of title a practical introduction
250 ## - EDITION STATEMENT
Edition statement 5th
260 ## - PUBLICATION, DISTRIBUTION, ETC.
Place of publication, distribution, etc. New York
Name of publisher, distributor, etc. McGraw-Hill
Date of publication, distribution, etc. c2011
300 ## - PHYSICAL DESCRIPTION
Extent xxxi, 545p
700 ## - ADDED ENTRY--PERSONAL NAME
Personal name Williams, K. Brian
942 ## - ADDED ENTRY ELEMENTS (KOHA)
Source of classification or shelving scheme Library of Congress Classification
Koha item type Books
Suppress in OPAC No
999 ## -
-- 5061
-- 5061
Holdings
Withdrawn status Lost status Source of classification or shelving scheme Damaged status Not for loan Collection Home library Current library Shelving location Date acquired Total checkouts Full call number Barcode Date last seen Copy number Price effective from Koha item type
    Library of Congress Classification     Non-fiction Business Library (Miotso) Business Library (Miotso) General stacks 03/18/2026   HD31.K474 KIN BSSM00002867 03/18/2026 1 03/18/2026 Books
    Library of Congress Classification     Non-fiction Business Library (Miotso) Business Library (Miotso) General stacks 03/18/2026   HD31.K474 KIN BSSM00002868 03/18/2026 2 03/18/2026 Books
    Library of Congress Classification     Non-fiction Undergraduate Library (Christ Temple) Undergraduate Library (Christ Temple) General stacks 03/21/2025   HD31.K474 KIN ulct00001865 03/21/2025 1 03/21/2025 Books
© 2023-2024 Copyright: Central University Libraries. All Rights Reserved | Created by: Mahone Tech Office